Αθήνα 1834-1896 : νεοκλασική πολεοδομία [και] ελληνική εθνική συνείδηση
Αποθηκεύτηκε σε:
| Κύριος συγγραφέας: | |
|---|---|
| Μορφή: | Βιβλίο |
| Γλώσσα: | Greek English |
| Δημοσίευση: |
Αθήνα :
Libro,
2008.
|
| Σειρά: | Αρχιτεκτονική - θεωρία και κριτική
|
| Θέματα: | |
| Ετικέτες: |
Προσθήκη ετικέτας
Δεν υπάρχουν, Καταχωρήστε ετικέτα πρώτοι!
|
MARC
| LEADER | 00000cam a2200000 i 4500 | ||
|---|---|---|---|
| 001 | 1/2821 | ||
| 008 | 100108s2008 gr | ||| |||| ||gre|| | ||
| 020 | |a 9789604900846 | ||
| 035 | |l 10106157 | ||
| 040 | |a GR-MyUA |b gre |e AACR2 | ||
| 041 | 1 | |a gre |h eng | |
| 082 | 0 | |a 711.40949512 |2 (22) | |
| 100 | 1 | |a Μπαστέα, Ελένη. | |
| 245 | 1 | 0 | |a Αθήνα 1834-1896 : |b νεοκλασική πολεοδομία [και] ελληνική εθνική συνείδηση / |c Ελένη Μπαστέα. |
| 260 | |a Αθήνα : |b Libro, |c 2008. | ||
| 300 | |a 446 σ. : |b εικ. ; |c 21 εκ. | ||
| 490 | 1 | |a (Αρχιτεκτονική - Θεωρία & Κριτική) | |
| 500 | |a Η ελληνική έκδοση είναι μετάφραση της συγγραφέως από τα αγγλικά | ||
| 500 | |a Τίτλος πρωτοτύπου: The creation of modern Athens. | ||
| 504 | |a Βιβλιογραφία: σ. 435-446. | ||
| 650 | 0 | 0 | |a City planning |z Greece |z Athens |x History |y 19th century. |
| 650 | 0 | 0 | |a Nationalism and architecture |z Greece |z Athens. |
| 651 | 0 | |a Athens (Greece) |x Buildings, structures, etc. | |
| 830 | 0 | |a Αρχιτεκτονική - θεωρία και κριτική | |
| 852 | |a INST |b LESVOS |e 20100108 |h 711.40949512 ΜΠΑ |p 005100045936 |q 005100045936 |t BK |y 0 | ||
| 901 | |a BIBL1-2010-1 | ||
| 909 | |a Λ |b 160081 | ||
| 970 | |a ΚΑΡΑ |b ΓΙΑΣΕΜΗ |z 2010/01/08 | ||